Loading...

Principles of active network synthesis and design

Bibliographic Details
Main Author: Daryanani, Gobind
Format: Printed Book
Language:English
Published: New York John Wiley 1976
Subjects:
LEADER 00928nam a2200277 a 4500
001 adlib96000001
003 ViArRB
005 20151026130808.0
008 960221s1955 dcuabcdjdbkoqu001 0deng d
020
022
040 |a Adlib 
082 |a 621.311.1 
245 |a Principles of active network synthesis and design 
250
260 |a New York  |b John Wiley  |c 1976 
300 |a xv, 495p. 
500 |a   
100 |a Daryanani, Gobind 
700
942 |c BK  |6 _ 
653 |a electrical network  |a electrical network design 
999 |c 13385  |d 13385 
952 |0 0  |1 0  |4 0  |6 6213111_DAR  |7 0  |9 24850  |a UL  |b UL  |d 2010-06-16  |o 621.311.1 DAR  |p 00012569  |r 2010-06-16  |w 2010-06-16  |y BK 
952 |0 0  |1 0  |4 0  |6 6213111_DAR1  |7 0  |9 24851  |a UL  |b UL  |d 2010-06-16  |o 621.311.1 DAR;1  |p 00016300  |r 2010-06-16  |w 2010-06-16  |y BK 
952 |0 0  |1 0  |4 0  |6 6213111_DAR2  |7 0  |9 24852  |a UL  |b UL  |d 2010-06-16  |o 621.311.1 DAR;2  |p 00033336  |r 2010-06-16  |w 2010-06-16  |y BK